[Event "5th Russian Cup Final"]
[Site "Kazan RUS"]
[Date "2001.10.02"]
[Round "1"]
[White "Galliamova,A"]
[Black "Kornev,Alexe"]
[Result "1/2-1/2"]
[WhiteElo "2547"]
[BlackElo "2518"]
[EventDate "2001.10.02"]

1. d4 d5 2. c4 c6 3. Nf3 Nf6 4. Nc3 a6 5. a4 e6 6. Bg5 Nbd7 7. e3 Qa5 8.
Nd2 Bb4 9. Qc2 c5 10. Be2 cxd4 11. exd4 dxc4 12. Bxf6 Nxf6 13. Nxc4 Qc7 14.
a5 Bd7 15. Qb3 Be7 16. Bf3 O-O 17. O-O 1/2-1/2

[Event "5th Russian Cup Final"]
[Site "Kazan RUS"]
[Date "2001.10.02"]
[Round "1"]
[White "Filippov,V"]
[Black "Popov,Val"]
[Result "1-0"]
[WhiteElo "2617"]
[BlackElo "2578"]
[EventDate "2001.10.02"]

1. Nf3 d5 2. d4 c6 3. c4 e6 4. Nbd2 Nf6 5. g3 c5 6. Bg2 cxd4 7. O-O Nc6 8.
cxd5 Nxd5 9. Nb3 Be7 10. Nfxd4 Nxd4 11. Nxd4 O-O 12. e4 Nb6 13. b3 Bf6 14.
Be3 Qd7 15. Qd2 Rd8 16. Rad1 e5 17. Nf5 Qxd2 18. Bxd2 Bd7 19. Bb4 Bb5 20.
Rxd8+ Rxd8 21. Rc1 Bg5 22. f4 exf4 23. h4 f3 24. hxg5 fxg2 25. Kxg2 f6 26.
gxf6 gxf6 27. a4 Bd3 28. Kf3 Ba6 29. Kf4 Rd3 30. a5 Nd7 31. Rc8+ Kf7 32.
Nd6+ 1-0

[Event "5th Russian Cup Final"]
[Site "Kazan RUS"]
[Date "2001.10.02"]
[Round "1"]
[White "Loginov,Va"]
[Black "Kurnosov,I"]
[Result "1-0"]
[WhiteElo "2513"]
[BlackElo "2424"]
[EventDate "2001.10.02"]

1. Nf3 Nf6 2. d4 g6 3. c4 Bg7 4. g3 O-O 5. Bg2 d6 6. O-O Nc6 7. Nc3 Bf5 8.
Ne1 Na5 9. e4 Bg4 10. f3 Bd7 11. b3 c5 12. Nc2 Nc6 13. Be3 Qa5 14. Qd2 a6
15. Rab1 Rfd8 16. Rfd1 Be8 17. a4 e5 18. dxc5 dxc5 19. Nd5 Qxd2 20. Bxd2
Nxd5 21. cxd5 Nd4 22. Nxd4 cxd4 23. Ba5 Rd6 24. Bc7 Rd7 25. Rbc1 f5 26. f4
fxe4 27. Bxe4 exf4 28. d6 Ra7 29. gxf4 Bf7 30. Rd3 Bh6 31. Rf1 Bf8 32. Rxd4
Bxb3 33. Rb1 Ba2 34. Rb6 Be6 35. Kg2 Kf7 36. Kg3 Bg7 37. Rd1 Bf8 38. a5 Bc4
39. h4 Be6 40. Bc2 Bf5 41. Ba4 Ke6 42. Re1+ Kf6 43. Bxd7 Bxd7 44. Bb8 1-0

[Event "5th Russian Cup Final"]
[Site "Kazan RUS"]
[Date "2001.10.02"]
[Round "1"]
[White "Yevseev,D"]
[Black "Burmakin,V"]
[Result "0-1"]
[WhiteElo "2541"]
[BlackElo "2586"]
[EventDate "2001.10.02"]

1. d4 d5 2. c4 c6 3. Nf3 Nf6 4. Nc3 a6 5. cxd5 cxd5 6. Bg5 Ne4 7. Bh4 Nc6
8. e3 Qa5 9. Qb3 e6 10. Bd3 f5 11. O-O Bd6 12. Rac1 Rb8 13. Na4 Bd7 14. Nb6
Qb4 15. Qxb4 Bxb4 16. Ng5 Nxg5 17. Bxg5 Ba5 18. Nxd7 Kxd7 19. f3 Rbc8 20.
Rfd1 Bb6 21. Kf1 h6 22. Bh4 f4 23. exf4 Rhf8 24. f5 exf5 25. Bf2 f4 26. a3
Kd6 27. Bg6 Ne7 28. Bb1 Rxc1 29. Rxc1 Nc6 30. Rd1 Na5 31. Be1 Nc6 32. Bf2
Rf6 33. Ba2 Re6 34. g3 g5 35. gxf4 gxf4 36. Rd2 Rg6 37. Bb1 Rg7 38. Ba2 Nd8
39. Bh4 Rf7 40. Rg2 Ne6 41. Rg6 Bxd4 42. Rxh6 Bxb2 43. Rh5 Be5 44. Be1 Nd4
45. Bb4+ Ke6 46. Rh6+ Rf6 47. Rh7 Nxf3 48. Re7+ Kf5 49. Bxd5 Nxh2+ 50. Kg2
f3+ 51. Bxf3 Rg6+ 52. Kf2 Nxf3 53. Kxf3 b6 54. Ke2 a5 55. Bd2 Bd6 56. Rb7
Bc5 57. Kd1 Ke4 58. Rc7 Kd3 59. Rd7+ Kc4 60. Rc7 Rg3 61. a4 0-1

[Event "5th Russian Cup Final"]
[Site "Kazan RUS"]
[Date "2001.10.03"]
[Round "2"]
[White "Popov,Val"]
[Black "Vaulin,A"]
[Result "1-0"]
[WhiteElo "2578"]
[BlackElo "2548"]
[EventDate "2001.10.02"]

1. e4 c5 2. Nf3 d6 3. d4 cxd4 4. Nxd4 Nf6 5. Nc3 a6 6. Be2 e5 7. Nb3 Be7 8.
Be3 Be6 9. Nd5 Nbd7 10. Qd3 Bxd5 11. exd5 Rc8 12. c4 O-O 13. O-O a5 14.
Rfd1 Ne8 15. Bg4 a4 16. Nd2 g6 17. Bxd7 Qxd7 18. c5 dxc5 19. Nc4 e4 20. Qc2
Bd8 21. Qxe4 Nf6 22. Qf3 b5 23. Ne5 Qb7 24. Nc6 Nxd5 25. Ne5 1-0

[Event "5th Russian Cup Final"]
[Site "Kazan RUS"]
[Date "2001.10.03"]
[Round "2"]
[White "Kornev,Alexe"]
[Black "Vorobiov,E"]
[Result "1-0"]
[WhiteElo "2518"]
[BlackElo "2516"]
[EventDate "2001.10.02"]

1. Nf3 c5 2. c4 g6 3. d4 cxd4 4. Nxd4 Nc6 5. e4 Nf6 6. Nc3 d6 7. Be2 Nxd4
8. Qxd4 Bg7 9. Bg5 O-O 10. Qd2 Be6 11. O-O Qa5 12. Rac1 Rfc8 13. b3 a6 14.
f4 Rab8 15. Kh1 Qd8 16. f5 Bd7 17. Qf4 b5 18. Qh4 gxf5 19. Rf3 fxe4 20. Rg3
Bf5 21. Bxf6 exf6 22. Bg4 Bg6 23. Bxc8 Rxc8 24. Nxe4 d5 25. Nc3 bxc4 26.
Rd1 cxb3 27. axb3 Qe8 28. Nxd5 Qe2 29. Qg4 Qxg4 30. Rxg4 Kf8 31. Rgd4 Rb8
32. Nb4 Rb6 33. Rd8+ Ke7 34. Nd5+ Kxd8 35. Nxb6+ Kc7 36. Nd5+ Kb7 37. Rc1
Be4 38. Rc7+ Kb8 39. Rd7 f5 40. Nb4 a5 41. Na6+ Kc8 42. Rxf7 Be5 43. Nc5
Bc2 44. Rxh7 Bd6 45. Rh3 1-0

[Event "5th Russian Cup Final"]
[Site "Kazan RUS"]
[Date "2001.10.03"]
[Round "2"]
[White "Kurnosov,I"]
[Black "Burmakin,V"]
[Result "0-1"]
[WhiteElo "2424"]
[BlackElo "2586"]
[EventDate "2001.10.02"]

1. e4 d6 2. d4 Nf6 3. f3 e6 4. Be3 d5 5. e5 Nfd7 6. f4 c5 7. c3 Qb6 8. Qd2
Nc6 9. Nf3 Qa5 10. Be2 Nb6 11. dxc5 Bxc5 12. b4 Bxe3 13. Qxe3 Qa4 14. O-O
Bd7 15. Nbd2 Qa3 16. Nb3 Rc8 17. Bb5 Nc4 18. Qf2 Nb8 19. Bxd7+ Nxd7 20. f5
exf5 21. Nfd4 O-O 22. Nxf5 Rce8 23. Qg3 g6 24. Nbd4 Ndxe5 25. Rf4 f6 26.
Rh4 Qb2 27. Rf1 Qd2 28. Kh1 Qg5 29. Qh3 h5 30. Nf3 Nxf3 31. Qxf3 Qxf5 32.
Rf4 Qg5 33. h4 Qe5 34. Qg3 Kg7 35. Qh3 Rf7 36. Qg3 Nd6 37. Rd1 Ne4 38. Qe3
f5 39. Rd4 Nf6 40. Qd3 Qe2 41. Qg3 Qe1+ 42. Kh2 Qxg3+ 43. Kxg3 0-1

[Event "5th Russian Cup Final"]
[Site "Kazan RUS"]
[Date "2001.10.03"]
[Round "2"]
[White "Loginov,Va"]
[Black "Galliamova,A"]
[Result "1/2-1/2"]
[WhiteElo "2513"]
[BlackElo "2547"]
[EventDate "2001.10.02"]

1. Nf3 c5 2. g3 g6 3. Bg2 Bg7 4. d4 cxd4 5. Nxd4 d5 6. Nb3 e6 7. c4 d4 8.
e3 dxe3 9. Qxd8+ Kxd8 10. fxe3 Nc6 11. Na3 Ke7 12. O-O Rb8 13. c5 Bd7 14.
Nc4 Nh6 15. Bd2 Ng4 16. Rad1 Rhd8 17. Nd6 Rf8 18. h3 Nge5 19. Bc3 f6 20.
Na5 Nxa5 21. Bxa5 Bh6 22. Bc7 Bxe3+ 23. Kh1 Bc6 24. b4 Bxg2+ 25. Kxg2 a5
26. Ne4 Nc4 27. Bxb8 Rxb8 28. Nxf6 Bd2 29. Ng4 h5 30. Ne5 Ne3+ 31. Kg1 Nxf1
32. Rxf1 Bxb4 33. Nxg6+ Kd7 34. Ne5+ Ke8 35. Rc1 Rd8 36. c6 bxc6 37. Rxc6
Ke7 38. Ng6+ Kf6 39. Nf4 Bd6 40. Nxh5+ Kg5 41. g4 Bb4 42. Rxe6 Rd2 43. a3
Bxa3 44. Re5+ Kh4 45. Nf6 Ra2 46. Rxa5 Kxh3 47. Kf1 Kg3 48. Rb5 Bb2 49. g5
Bxf6 50. gxf6 Ra8 1/2-1/2

[Event "5th Russian Cup Final"]
[Site "Kazan RUS"]
[Date "2001.10.03"]
[Round "2"]
[White "Timofeev,Ar"]
[Black "Filippov,V"]
[Result "1/2-1/2"]
[WhiteElo "2517"]
[BlackElo "2617"]
[EventDate "2001.10.02"]

1. e4 e6 2. d4 d5 3. Nd2 c5 4. exd5 Qxd5 5. Ngf3 cxd4 6. Bc4 Qd6 7. O-O Nf6
8. Nb3 Nc6 9. Nbxd4 Nxd4 10. Nxd4 a6 11. Bb3 Bd7 12. Be3 Qc7 13. Qf3 Bd6
14. h3 O-O 15. Bg5 Bh2+ 16. Kh1 Be5 17. Rad1 h6 18. Bh4 Rad8 19. Rfe1 Bc6
20. Nxc6 Rxd1 21. Qxd1 bxc6 22. Qe2 Nd7 23. Qxa6 g5 24. f4 Bxf4 25. Bf2 Nf6
26. Qb6 Rd8 27. Qxc7 Bxc7 28. a4 Ba5 29. Ra1 Ne4 30. Be3 Ng3+ 31. Kg1 Nf5
32. Bf2 Nd4 33. Be1 Bxe1 34. Rxe1 Nxb3 35. cxb3 Rd3 36. Ra1 Rxb3 37. Ra2
Kf8 38. a5 Ke7 39. a6 Rb8 40. Kf2 Kd6 41. Kf3 f5 42. g4 Kc7 43. gxf5 exf5
44. a7 Ra8 45. Ra5 Kb6 46. Rxf5 Rxa7 47. Rf6 h5 48. Rh6 g4+ 49. hxg4 hxg4+
50. Kxg4 Rf7 51. Rh5 c5 52. Rf5 Re7 53. Kf4 Kb5 54. Re5 Rd7 55. Ke3 Kc4 56.
Re8 Rd1 57. Rb8 Rd3+ 58. Ke2 Rb3 59. Rxb3 Kxb3 60. Kd3 1/2-1/2

[Event "5th Russian Cup Final"]
[Site "Kazan RUS"]
[Date "2001.10.04"]
[Round "3"]
[White "Vorobiov,E"]
[Black "Loginov,Va"]
[Result "1/2-1/2"]
[WhiteElo "2516"]
[BlackElo "2513"]
[EventDate "2001.10.02"]

1. e4 c5 2. Nf3 d6 3. d4 cxd4 4. Nxd4 Nf6 5. Nc3 Nc6 6. Bg5 e6 7. Qd2 a6 8.
O-O-O Qb6 9. Be3 Ng4 10. Nf5 Qc7 11. Nxd6+ Bxd6 12. Qxd6 Qxd6 13. Rxd6 Nxe3
14. fxe3 Ke7 15. Rd2 1/2-1/2

[Event "5th Russian Cup Final"]
[Site "Kazan RUS"]
[Date "2001.10.04"]
[Round "3"]
[White "Filippov,V"]
[Black "Kornev,Alexe"]
[Result "1/2-1/2"]
[WhiteElo "2617"]
[BlackElo "2518"]
[EventDate "2001.10.02"]

1. Nf3 d5 2. d4 Nf6 3. c4 c6 4. Nc3 a6 5. Bg5 dxc4 6. a4 h6 7. Bd2 Be6 8.
a5 g5 9. e3 Nbd7 10. Qc2 Rc8 11. Na4 g4 12. Nh4 c5 13. dxc5 Nxc5 14. Nb6
Nd3+ 15. Bxd3 cxd3 16. Qa4+ Rc6 17. O-O Bg7 18. Rac1 Bd7 19. Nxd7 Qxd7 20.
Rxc6 bxc6 21. Qf4 e6 22. Bc3 Nd5 23. Qxg4 Bxc3 24. bxc3 Ne7 25. Rb1 c5 26.
Nf3 Nc6 27. Qg7 Rf8 28. Ne5 Qd6 29. Nxc6 d2 30. Nd4 cxd4 31. Qxd4 Qxd4 32.
cxd4 Kd7 33. Kf1 Rb8 34. Rd1 Rb5 35. Rxd2 Rxa5 36. Ke2 Ra1 37. g4 a5 38. h4
a4 39. Rb2 Ke7 40. Rb7+ Kf6 41. Kf3 a3 42. Ra7 Kg6 43. Ke4 Kf6 44. Kf4 Ra2
45. Kf3 Ra1 46. Ke4 a2 47. Kf4 h5 48. g5+ Kg6 49. Ke5 Rh1 50. Rxa2 Rxh4 51.
f4 Rh1 52. Ra6 h4 53. d5 Re1 54. e4 h3 55. Ra2 exd5 56. Kxd5 Rh1 57. Ke5
Kg7 58. f5 h2 59. Rb2 Rg1 60. Rxh2 Rxg5 61. Kd6 Rg4 62. e5 Ra4 63. f6+ Kg6
64. Rc2 Ra8 65. Rg2+ Kf5 66. Rf2+ Kg6 67. Rg2+ Kf5 68. Ke7 Ra7+ 69. Kf8
Kxe5 70. Kg7 Ke6 71. Re2+ Kf5 72. Re7 Ra6 73. Rxf7 Kg5 74. Rf8 Rb6 75. Rf7
Ra6 1/2-1/2

[Event "5th Russian Cup Final"]
[Site "Kazan RUS"]
[Date "2001.10.04"]
[Round "3"]
[White "Galliamova,A"]
[Black "Kurnosov,I"]
[Result "1-0"]
[WhiteElo "2547"]
[BlackElo "2424"]
[EventDate "2001.10.02"]

1. d4 f5 2. c4 Nf6 3. Nc3 e6 4. Nf3 Bb4 5. Qb3 Qe7 6. g3 Ne4 7. Bg2 Nc6 8.
O-O Na5 9. Qa4 Bxc3 10. bxc3 b6 11. Ng5 Bb7 12. Nxe4 fxe4 13. Ba3 Qg5 14.
Rad1 Bc6 15. Qb4 O-O-O 16. d5 exd5 17. cxd5 Bxd5 18. Qb5 c5 19. Bc1 Qf5 20.
Bh3 Qh5 21. Bf4 Kb7 22. Bg4 Qf7 23. Rb1 Ka8 24. Bc7 Bc6 25. Qa6 Bb7 26. Qb5
Bc6 27. Qb2 Rc8 28. Bf4 g5 29. Bc1 h5 30. Bh3 h4 31. g4 d5 32. Bxg5 Rhg8
33. Qc1 Qg6 34. Bf4 Rcf8 35. e3 Bd7 36. Qd1 Qc6 37. Kh1 Nc4 38. Rg1 Rf7 39.
Qf1 Rfg7 40. g5 Nd2 41. Qg2 Nxb1 42. Rxb1 Bxh3 43. Qxh3 Rh7 44. Qf5 Rd7 45.
Qg4 Rh7 46. Qf5 Rd7 47. Qg4 d4 48. cxd4 cxd4 49. Kg2 Rh8 50. Be5 h3+ 51.
Kg1 Rc8 52. Qxh3 dxe3 53. Qxe3 Rd3 54. Qe2 Qd5 55. Bf4 Qf5 56. Bg3 Re8 57.
Qc2 Rc8 58. Qe2 Rc4 59. Qh5 Rd5 60. h4 Rd7 61. Re1 Rc8 62. a4 Rf8 63. Qh6
1-0

[Event "5th Russian Cup Final"]
[Site "Kazan RUS"]
[Date "2001.10.05"]
[Round "4"]
[White "Timofeev,Ar"]
[Black "Yevseev,D"]
[Result "1/2-1/2"]
[WhiteElo "2517"]
[BlackElo "2541"]
[EventDate "2001.10.02"]

1. e4 c6 2. d4 d5 3. exd5 cxd5 4. c4 Nf6 5. Nc3 g6 6. cxd5 Nxd5 7. Qb3 Nb6
8. d5 Bg7 9. Be3 O-O 10. Rd1 Na6 11. Be2 Qd6 12. Nf3 Nc5 13. Qb5 Nca4 14.
Ne4 Qd7 15. Qb3 Nxb2 16. Nc5 Qf5 17. Rd2 Qb1+ 18. Rd1 Qf5 19. Rd2 Qb1+
1/2-1/2

[Event "5th Russian Cup Final"]
[Site "Kazan RUS"]
[Date "2001.10.05"]
[Round "4"]
[White "Loginov,Va"]
[Black "Filippov,V"]
[Result "1/2-1/2"]
[WhiteElo "2513"]
[BlackElo "2617"]
[EventDate "2001.10.02"]

1. Nf3 c5 2. g3 Nc6 3. d4 cxd4 4. Nxd4 g6 5. Bg2 Bg7 6. Nb3 d6 7. O-O Be6
8. Nc3 Bxc3 9. bxc3 Qd7 10. Nd4 Bh3 11. Bxh3 Qxh3 12. Nxc6 bxc6 13. Qd4 Nf6
14. f3 O-O 15. Bg5 c5 16. Qd3 Qe6 17. Bxf6 Qxf6 18. Rab1 Rab8 19. Rb3 Rb6
20. Rfb1 Rfb8 21. a4 Qe6 22. Rxb6 Rxb6 23. Rxb6 axb6 24. c4 h5 25. Kg2 Kg7
26. Qc3+ f6 27. Qd3 g5 28. Kf2 h4 29. gxh4 gxh4 30. Qe3 Qxe3+ 31. Kxe3 f5
32. Kf4 Kf6 33. e4 e6 34. exf5 exf5 35. h3 Kg6 1/2-1/2

[Event "5th Russian Cup Final"]
[Site "Kazan RUS"]
[Date "2001.10.05"]
[Round "4"]
[White "Galliamova,A"]
[Black "Vorobiov,E"]
[Result "0-1"]
[WhiteElo "2547"]
[BlackElo "2516"]
[EventDate "2001.10.02"]

1. e4 c5 2. Nf3 d6 3. Bb5+ Nd7 4. d4 Ngf6 5. Nc3 a6 6. Bxd7+ Nxd7 7. O-O e6
8. Bg5 Qc7 9. d5 e5 10. a4 h6 11. Be3 Be7 12. Nd2 O-O 13. Ne2 f5 14. exf5
Nf6 15. Nc4 Bxf5 16. a5 Rae8 17. Ra3 Nh5 18. Qd2 Bg6 19. Rb1 Qd7 20. f3 Bh4
21. b4 cxb4 22. Rxb4 Nf4 23. Rb6 Nxg2 24. Rxd6 Qf7 25. Bf2 e4 26. Ng3 exf3
27. Qd4 Nf4 28. Kf1 Bxg3 29. hxg3 Qf5 30. Ne3 Qh3+ 31. Ke1 Re4 32. Qb6 0-1

[Event "5th Russian Cup Final"]
[Site "Kazan RUS"]
[Date "2001.10.05"]
[Round "4"]
[White "Popov,Val"]
[Black "Burmakin,V"]
[Result "1-0"]
[WhiteElo "2578"]
[BlackElo "2586"]
[EventDate "2001.10.02"]

1. e4 c6 2. d4 d5 3. e5 Bf5 4. Nc3 Qb6 5. Nf3 e6 6. Be2 Nd7 7. O-O Ne7 8.
b3 c5 9. Na4 Qc7 10. Nxc5 Nxc5 11. dxc5 Nc6 12. Be3 Bg4 13. Bb5 Bxf3 14.
Qxf3 Qxe5 15. c4 Qe4 16. Qg3 O-O-O 17. cxd5 Qxd5 18. Bc4 Qh5 19. Rac1 Be7
20. Rfe1 Bf6 21. b4 Bb2 22. Be2 Qg6 23. Rc4 Qxg3 24. hxg3 Bd4 25. b5 Bxe3
26. bxc6 Bd2 27. cxb7+ Kxb7 28. Rb1+ Kc7 29. Rb2 1-0

[Event "5th Russian Cup Final"]
[Site "Kazan RUS"]
[Date "2001.10.06"]
[Round "5"]
[White "Vaulin,A"]
[Black "Loginov,Va"]
[Result "1/2-1/2"]
[WhiteElo "2548"]
[BlackElo "2513"]
[EventDate "2001.10.02"]

1. d4 Nf6 2. c4 g6 3. g3 Bg7 4. Bg2 O-O 5. Nc3 d6 6. Nf3 c6 7. O-O Bf5 8.
Ne1 Be6 9. d5 cxd5 10. cxd5 Bd7 11. h3 Na6 12. Nd3 Qa5 13. Bd2 Rfc8 14. a3
Nc7 15. a4 Na6 16. e4 Ne8 17. Re1 Qd8 18. Rc1 Nc5 19. Nxc5 Rxc5 20. Be3
Bxc3 21. bxc3 1/2-1/2

[Event "5th Russian Cup Final"]
[Site "Kazan RUS"]
[Date "2001.10.06"]
[Round "5"]
[White "Filippov,V"]
[Black "Galliamova,A"]
[Result "1-0"]
[WhiteElo "2617"]
[BlackElo "2547"]
[EventDate "2001.10.02"]

1. Nf3 d5 2. d4 Nf6 3. c4 c6 4. Nc3 e6 5. Bg5 h6 6. Bh4 dxc4 7. e4 g5 8.
Bg3 b5 9. Be2 Bb7 10. Qc2 Nbd7 11. Ne5 Bg7 12. Rd1 Qa5 13. O-O h5 14. d5
Nxe5 15. Bxe5 b4 16. Qd2 Rh6 17. Bxc4 bxc3 18. Bxc3 Nxe4 19. dxc6 Nxd2 20.
cxb7 Rb8 21. Bxa5 Nxc4 22. Rd8+ Rxd8 23. Bxd8 Be5 24. Bxg5 Rg6 25. f4 Bc7
26. Rc1 f6 27. Rxc4 Kd7 28. Bh4 Rg8 29. Bxf6 Bb6+ 30. Bd4 Rb8 31. Bxb6 axb6
32. Rc8 Rxb7 33. Rh8 Kd6 34. Rxh5 1-0

[Event "5th Russian Cup Final"]
[Site "Kazan RUS"]
[Date "2001.10.06"]
[Round "5"]
[White "Yevseev,D"]
[Black "Kornev,Alexe"]
[Result "1/2-1/2"]
[WhiteElo "2541"]
[BlackElo "2518"]
[EventDate "2001.10.02"]

1. d4 Nf6 2. Nf3 d5 3. c4 c6 4. Nc3 a6 5. a4 e6 6. Bg5 Nbd7 7. cxd5 exd5 8.
e3 a5 9. Bd3 Be7 10. O-O O-O 11. Qc2 Re8 12. Rae1 Nf8 13. Ne5 Ng4 14. Bxe7
Rxe7 15. f4 f6 16. Nxg4 Bxg4 17. Qf2 Qd7 18. f5 Bh5 19. Qh4 Bf7 20. g4 Qd6
21. Rf3 Rae8 22. Re2 c5 23. g5 fxg5 24. Qxg5 h6 25. Qg3 Qf6 26. dxc5 Nd7
27. Bb5 d4 28. exd4 Qxd4+ 29. Qf2 Qf6 30. Bxd7 Rxd7 31. Rxe8+ Bxe8 32. Qe3
Bf7 33. Rf2 Re7 34. Qf4 Re1+ 35. Rf1 Re5 36. Ne4 Qe7 37. f6 Qe6 38. Ng3
Rxc5 39. fxg7 Rg5 40. Qb8+ Kxg7 41. Qxb7 h5 42. Rf4 h4 43. Rxh4 Qe1+ 44.
Kg2 Qe2+ 45. Kh3 Qe6+ 46. Kg2 Qe2+ 47. Kh3 1/2-1/2

[Event "5th Russian Cup Final"]
[Site "Kazan RUS"]
[Date "2001.10.07"]
[Round "6"]
[White "Vorobiov,E"]
[Black "Filippov,V"]
[Result "1/2-1/2"]
[WhiteElo "2516"]
[BlackElo "2617"]
[EventDate "2001.10.02"]

1. e4 c5 2. Nf3 Nc6 3. d4 cxd4 4. Nxd4 Nf6 5. Nc3 e6 6. Ndb5 d6 7. Bf4 e5
8. Bg5 a6 9. Na3 b5 10. Bxf6 gxf6 11. Nd5 f5 12. Bxb5 axb5 13. Nxb5 Ra4 14.
b4 Qh4 15. O-O Rg8 16. c3 f4 17. g3 fxg3 18. fxg3 1/2-1/2

[Event "5th Russian Cup Final"]
[Site "Kazan RUS"]
[Date "2001.10.07"]
[Round "6"]
[White "Kurnosov,I"]
[Black "Popov,Val"]
[Result "0-1"]
[WhiteElo "2424"]
[BlackElo "2578"]
[EventDate "2001.10.02"]

1. e4 c5 2. Nf3 d6 3. d4 cxd4 4. Nxd4 Nf6 5. Nc3 a6 6. Bg5 e6 7. f4 Qb6 8.
Nb3 Nbd7 9. Be2 Qc7 10. Bf3 Be7 11. Qd2 h6 12. Bxf6 Nxf6 13. O-O-O e5 14.
Rhe1 b5 15. Kb1 O-O 16. fxe5 dxe5 17. Nd5 Nxd5 18. exd5 Bd6 19. g4 a5 20.
h4 f5 21. gxf5 Bxf5 22. Be4 Bg4 23. Qg2 Bxd1 24. Qg6 Bh5 25. Qh7+ Kf7 26.
Qf5+ Kg8 27. Qh7+ Kf7 28. Qf5+ Ke7 29. Qxh5 a4 30. Nd2 a3 31. Bd3 axb2 32.
Qg4 Rf7 33. Ne4 Qa5 34. Qe6+ Kf8 35. Qxd6+ Kg8 36. Nc3 Qxc3 37. Rxe5 b4 38.
Qc6 Raf8 39. Qe6 b3 40. Re1 0-1

[Event "5th Russian Cup Final"]
[Site "Kazan RUS"]
[Date "2001.10.07"]
[Round "6"]
[White "Kornev,Alexe"]
[Black "Burmakin,V"]
[Result "1/2-1/2"]
[WhiteElo "2518"]
[BlackElo "2586"]
[EventDate "2001.10.02"]

1. d4 d5 2. c4 e6 3. Nc3 Nf6 4. Nf3 Be7 5. Bg5 h6 6. Bxf6 Bxf6 7. e3 c6 8.
Rc1 O-O 9. Bd3 Nd7 10. O-O dxc4 11. Bxc4 e5 12. h3 exd4 13. exd4 Nb6 14.
Bb3 Bf5 15. Re1 Re8 16. Rxe8+ Qxe8 17. Qd2 Qd7 18. Re1 Rd8 19. Qf4 Bg6 20.
g4 Kf8 21. Re5 Qd6 22. Ne4 Bxe4 23. Rxe4 Qxf4 24. Rxf4 Nd5 25. Re4 Nb4 26.
h4 g5 27. hxg5 hxg5 28. Ne5 Nd5 29. Kf1 Bxe5 30. Rxe5 f6 31. Rf5 Ke7 32.
Bxd5 cxd5 1/2-1/2

[Event "5th Russian Cup Final"]
[Site "Kazan RUS"]
[Date "2001.10.07"]
[Round "6"]
[White "Galliamova,A"]
[Black "Vaulin,A"]
[Result "0-1"]
[WhiteElo "2547"]
[BlackElo "2548"]
[EventDate "2001.10.02"]

1. d4 d5 2. c4 dxc4 3. Nf3 a6 4. e3 e6 5. Bxc4 c5 6. O-O Nf6 7. Bb3 Nc6 8.
Nc3 Be7 9. dxc5 Qxd1 10. Rxd1 Bxc5 11. Bd2 Bd7 12. Rac1 Ba7 13. Ng5 Ke7 14.
Nce4 Nxe4 15. Nxe4 Rhd8 16. Nc5 Bxc5 17. Rxc5 f6 18. f4 Be8 19. g4 Bg6 20.
Kf2 Be4 21. Rh5 Bg6 22. Rh3 a5 23. Bc3 b5 24. Rc1 Rac8 25. a3 Be4 26. Rh5
e5 27. g5 Bg6 28. gxf6+ gxf6 29. Rh4 exf4 30. exf4 Nd4 31. Re1+ Kf8 32. f5
Nxf5 33. Rf4 Rc6 34. Bxa5 Rd4 35. Bb4+ Kg7 36. Rxd4 Nxd4 37. Re7+ Kh6 38.
Bd1 Bc2 39. Bd2+ Kg6 40. Bg4 Bf5 41. Bd1 Bc2 42. Bg4 h5 43. Bh3 Bf5 44.
Bxf5+ Nxf5 45. Re2 Nd6 46. Bb4 Kf5 47. Ke3 Ne4 48. Rg2 h4 49. Rg8 Re6 50.
Kd4 Re5 51. Rg1 Ng5 52. Rf1+ Kg4 53. Rxf6 Re2 54. Kc3 Rxh2 55. Rf4+ Kxf4
56. Bd6+ Kf3 57. Bxh2 Kg2 58. Bc7 Ne4+ 59. Kb4 Ng3 60. Kxb5 h3 61. Bxg3
Kxg3 62. a4 h2 63. a5 h1=Q 64. a6 Kf4 65. Kb6 Ke4 0-1

[Event "5th Russian Cup Final"]
[Site "Kazan RUS"]
[Date "2001.10.08"]
[Round "7"]
[White "Vaulin,A"]
[Black "Vorobiov,E"]
[Result "1/2-1/2"]
[WhiteElo "2548"]
[BlackElo "2516"]
[EventDate "2001.10.02"]

1. c4 c5 2. Nf3 g6 3. d4 cxd4 4. Nxd4 Nc6 5. Nc2 Bg7 6. e4 Nf6 7. Nc3 O-O
8. Be2 d6 9. O-O Bd7 10. Ne3 Rc8 11. Rb1 a6 12. Kh1 Qa5 13. Bd2 Qd8 14. Be1
Ne8 15. a4 Nd4 16. Bd3 Nc7 17. a5 f5 18. exf5 gxf5 19. f4 e5 20. Ned5 Nxd5
21. Nxd5 Bc6 22. Bc3 Bxd5 23. cxd5 e4 24. Bxe4 Rxc3 25. bxc3 Nb5 26. Bd3
Nxc3 27. Qh5 Nxb1 28. Bxf5 Rxf5 29. Qxf5 Nc3 30. Qe6+ Kh8 31. f5 Qf6 32.
Qc8+ Qf8 33. Qxb7 Ne4 34. Qxa6 Bd4 35. g3 Nf2+ 36. Rxf2 Bxf2 37. Qd3 Qf6
38. Kg2 Bc5 39. h4 Qe5 40. a6 Kg7 41. g4 Qe1 42. f6+ Kxf6 43. Qf5+ Kg7 44.
Qd7+ Kf8 45. Qd8+ Kf7 46. Qd7+ Qe7 47. Qxe7+ Kxe7 48. g5 h6 49. gxh6 Kf7
1/2-1/2

[Event "5th Russian Cup Final"]
[Site "Kazan RUS"]
[Date "2001.10.08"]
[Round "7"]
[White "Filippov,V"]
[Black "Kurnosov,I"]
[Result "1/2-1/2"]
[WhiteElo "2617"]
[BlackElo "2424"]
[EventDate "2001.10.02"]

1. Nf3 Nf6 2. c4 g6 3. d4 Bg7 4. g3 O-O 5. Bg2 d6 6. Nc3 Nc6 7. O-O Bf5 8.
d5 Na5 9. Nd4 Bd7 10. Qd3 c5 11. Nc2 a6 12. Rb1 Rb8 13. Bd2 b5 14. b3 e6
15. dxe6 Bxe6 16. Ne3 Nd7 17. Ncd5 Nc6 18. Bc3 Nd4 19. Qd2 Ne5 20. Kh1 Nec6
21. Nf4 Bd7 22. Ned5 Bf5 23. Rbc1 bxc4 24. bxc4 Ne5 25. e3 Ndc6 26. Ba1 Re8
27. Rfd1 Bg4 28. Ne2 Qa5 29. Qc2 Bf5 30. e4 Bg4 31. f4 Nd7 32. Bxg7 Kxg7
33. Rf1 Qa3 34. f5 Nce5 35. f6+ Kh8 36. Rb1 Qd3 37. Qxd3 Nxd3 38. Nef4 Nxf4
39. gxf4 Be2 40. Rxb8 Rxb8 41. Rc1 Bxc4 42. Rxc4 Rb1+ 43. Bf1 Rxf1+ 44. Kg2
Rb1 45. Ra4 Nb8 46. Kf3 Kg8 47. Nc7 Rb6 48. Ra3 Kf8 49. Rd3 Nc6 50. Ke3 Nd4
51. Rd2 Rb7 52. Nxa6 Ra7 53. Nb8 Rb7 54. Na6 Ra7 55. Nb8 Rb7 56. Na6 Ra7
1/2-1/2

[Event "5th Russian Cup Final"]
[Site "Kazan RUS"]
[Date "2001.10.08"]
[Round "7"]
[White "Popov,Val"]
[Black "Timofeev,Ar"]
[Result "1-0"]
[WhiteElo "2578"]
[BlackElo "2517"]
[EventDate "2001.10.02"]

1. e4 c5 2. Nf3 d6 3. d4 cxd4 4. Nxd4 Nf6 5. Nc3 e6 6. g4 h6 7. Be3 Nc6 8.
h3 Bd7 9. Bg2 a6 10. f4 Qc7 11. O-O Na5 12. Qd3 Nc4 13. Bc1 e5 14. Nde2
exf4 15. Nxf4 Be7 16. Kh1 Ne5 17. Qg3 Bc6 18. Nfe2 h5 19. g5 h4 20. Qf2 Nh5
21. Qxh4 O-O-O 22. a4 Kb8 23. b4 Bd7 24. b5 Ng4 25. Qe1 d5 26. Bf4 Nxf4 27.
Nxf4 Bxg5 28. Ncxd5 Qe5 29. bxa6 Bxf4 30. Rb1 Bc6 31. Rxf4 Bxd5 32. Rxg4 f5
33. Qg3 Qxg3 34. Rxg3 fxe4 35. Rxg7 Rc8 36. Re1 Bc6 37. axb7 Rce8 38. a5
1-0

[Event "5th Russian Cup Final"]
[Site "Kazan RUS"]
[Date "2001.10.08"]
[Round "7"]
[White "Yevseev,D"]
[Black "Galliamova,A"]
[Result "1-0"]
[WhiteElo "2541"]
[BlackElo "2547"]
[EventDate "2001.10.02"]

1. d4 Nf6 2. c4 e6 3. g3 d5 4. Bg2 dxc4 5. Nf3 Nc6 6. Qa4 Nd7 7. Qxc4 Nb6
8. Qd3 e5 9. Nxe5 Nb4 10. Qc3 Qxd4 11. O-O Qxc3 12. Nxc3 Bd6 13. Nf3 c6 14.
Rd1 Be7 15. a3 N4d5 16. Nxd5 Nxd5 17. Nd4 O-O 18. Bxd5 cxd5 19. Be3 Bd7 20.
Nf3 Bb5 21. Kf1 Bf6 22. Bd4 Rfe8 23. Rd2 Bd8 24. Rc1 Ba5 25. Rc5 Bxd2 26.
Rxb5 Bc1 27. e3 a6 28. Rb6 Rac8 29. Ke1 Re7 30. Kd1 Rec7 31. Ne1 f6 32. Rb3
b5 33. Bc3 Re8 34. Nc2 Bxe3 35. fxe3 Rc4 36. Kd2 h5 37. Nb4 a5 38. Nd3 h4
39. Rxb5 hxg3 40. hxg3 Rg4 41. Rxa5 Rxg3 42. Bd4 Rg2+ 43. Kc3 Rc8+ 44. Kb3
g5 45. Bxf6 Kf7 46. Bd4 Rd2 47. Ne5+ Ke6 48. Nf3 Rd3+ 49. Ka2 Rg8 50. Ra6+
1-0

[Event "5th Russian Cup Final"]
[Site "Kazan RUS"]
[Date "2001.10.09"]
[Round "8"]
[White "Kurnosov,I"]
[Black "Timofeev,Ar"]
[Result "0-1"]
[WhiteElo "2424"]
[BlackElo "2517"]
[EventDate "2001.10.02"]

1. e4 d6 2. d4 Nf6 3. Nc3 g6 4. Be3 c6 5. a4 Bg7 6. h3 Nbd7 7. g3 e5 8. Bg2
O-O 9. Nge2 Re8 10. O-O Qc7 11. g4 exd4 12. Bxd4 Nc5 13. g5 Nh5 14. Bxg7
Nxg7 15. Qd2 Be6 16. b3 Rad8 17. Rad1 Qe7 18. f4 f6 19. Ng3 fxg5 20. f5 Bf7
21. Rf3 d5 22. e5 Qxe5 23. Qxg5 Ne4 24. Ncxe4 dxe4 25. Re1 Rd1 26. Rfe3
Rxe1+ 27. Rxe1 gxf5 28. Rf1 Bg6 29. h4 Ne6 0-1